000 00476nam a2200205Ia 4500
003 OSt
005 20260224103044.0
008 250729s2003 xx 000 0 und d
020 _a978-8192036441
040 _cAL
041 _aeng
082 _a510 KULT
100 _aKulshrestha
_9229646
245 _aTeaching of mathematics
260 _aMeerut
_c2003
300 _a536p
650 _aMathematics
_9229647
700 _aRao Digumurthi
_9229648
942 _2ddc
_cBED
999 _c238401
_d238401